[Event "Heusenstamm Sparkassen op-B 6th"]
[Site "Heusenstamm"]
[Date "2019.11.23"]
[Round "4"]
[White "Firinci, Erdem"]
[Black "Bosse, Christian"]
[Result "1-0"]
[WhiteElo "1613"]
[BlackElo "1507"]
[PlyCount "81"]
[EventDate "2019.11.21"]
[EventType "swiss"]
[EventRounds "7"]
[EventCountry "GER"]
[SourceTitle "CBM 194 Extra"]
[Source "ChessBase"]
[SourceDate "2020.03.31"]
[SourceVersion "1"]
[SourceVersionDate "2020.03.31"]
[SourceQuality "1"]

1. e4 Nf6 2. Nc3 d5 3. exd5 Nxd5 4. Nxd5 Qxd5 5. Nf3 Nc6 6. d4 Bg4 7. Be3 Bxf3 8. Qxf3 Qxf3 9. gxf3 g6 10. Bb5 Bg7 11. Bxc6+ bxc6 12. 0-0-0 0-0 13. d5 cxd5 14. Rxd5 e6 15. Rd7 Rfc8 16. Rhd1 Bf6 17. f4 a6 18. h3 a5 19. R1d3 a4 20. Bd4 Bh4 21. Rc3 c6 22. Be3 Ra6 23. Rcd3 Bf6 24. Rb7 Rd8 25. Rxd8+ Bxd8 26. Rb8 a3 27. Rxd8+ Kg7 28. Bd4+ Kh6 29. b3 Ra5 30. Bf6 Rf5 31. Bg5+ Kg7 32. Be7 Rxf4 33. Bxa3 Rxf2 34. Rd6 Rh2 35. Rxc6 Rxh3 36. Bb4 Rh1+ 37. Kb2 Rd1 38. a4 Rd5 39. a5 Rb5 40. Rb6 Rd5 41. a6 1-0

[Event "Heusenstamm Sparkassen op-B 5th"]
[Site "Heusenstamm"]
[Date "2018.11.25"]
[Round "6"]
[White "Pessotschinski, Eduard"]
[Black "Bosse, Christian"]
[Result "0-1"]
[WhiteElo "1428"]
[BlackElo "1520"]
[PlyCount "64"]
[EventDate "2018.11.22"]
[EventType "swiss"]
[EventRounds "7"]
[EventCountry "GER"]
[SourceTitle "CBM 187 Extra"]
[Source "ChessBase"]
[SourceDate "2018.11.04"]
[SourceVersion "1"]
[SourceVersionDate "2018.11.04"]
[SourceQuality "1"]

1. e4 Nf6 2. e5 Nd5 3. d4 d6 4. Nf3 Nc6 5. Bb5 Bd7 6. 0-0 g6 7. Bd2 Bg7 8. Nc3 Nb6 9. Re1 0-0 10. Qc1 dxe5 11. dxe5 e6 12. Bh6 a6 13. Bd3 Nb4 14. Be4 Bc6 15. Bxc6 Nxc6 16. Re4 f5 17. Rh4 Nxe5 18. Nxe5 Qxh4 19. Bxg7 Kxg7 20. Qd1 Rad8 21. Qe2 Qf4 22. Nf3 Rd6 23. g3 Qb4 24. Qe5+ Rf6 25. Ne2 Qe4 26. Qxe4 fxe4 27. Ng5 e3 28. Ne4 exf2+ 29. Kf1 Rf8 30. Nxd6 cxd6 31. Rd1 Nc4 32. Rd4 Ne3# 0-1

[Event "Heusenstamm Sparkassen op-B 5th"]
[Site "Heusenstamm"]
[Date "2018.11.23"]
[Round "3"]
[White "Bosse, Christian"]
[Black "Lochmann, Tobias"]
[Result "1-0"]
[WhiteElo "1520"]
[BlackElo "1203"]
[PlyCount "41"]
[EventDate "2018.11.22"]
[EventType "swiss"]
[EventRounds "7"]
[EventCountry "GER"]
[SourceTitle "CBM 187 Extra"]
[Source "ChessBase"]
[SourceDate "2018.11.04"]
[SourceVersion "1"]
[SourceVersionDate "2018.11.04"]
[SourceQuality "1"]

1. c4 c5 2. g3 e5 3. Bg2 d6 4. Nc3 Be6 5. b3 g6 6. Bb2 Bg7 7. Bxb7 Nd7 8. Bxa8 Qxa8 9. e4 Ngf6 10. d3 0-0 11. h3 Nb6 12. Nf3 Bd7 13. Qc2 Bc6 14. 0-0 d5 15. cxd5 Bb7 16. Nxe5 Nfxd5 17. Nxd5 Qe8 18. Nc4 Bxb2 19. Qxb2 Qb8 20. Nf6+ Kg7 21. Nd7+ 1-0

[Event "Heusenstamm Sparkassen op-B 5th"]
[Site "Heusenstamm"]
[Date "2018.11.23"]
[Round "2"]
[White "Ziegler, Christopher"]
[Black "Bosse, Christian"]
[Result "1-0"]
[WhiteElo "1353"]
[BlackElo "1520"]
[PlyCount "65"]
[EventDate "2018.11.22"]
[EventType "swiss"]
[EventRounds "7"]
[EventCountry "GER"]
[SourceTitle "CBM 187 Extra"]
[Source "ChessBase"]
[SourceDate "2018.11.04"]
[SourceVersion "1"]
[SourceVersionDate "2018.11.04"]
[SourceQuality "1"]

1. e4 Nf6 2. Nc3 d5 3. e5 d4 4. exf6 dxc3 5. fxg7 cxd2+ 6. Qxd2 Qxd2+ 7. Bxd2 Bxg7 8. 0-0-0 Be6 9. Kb1 Nd7 10. Nf3 0-0-0 11. Bd3 Nc5 12. Be2 a6 13. Ng5 h6 14. Nxe6 Nxe6 15. Bg4 Rd6 16. Bb4 Rb6 17. c3 Bf6 18. Rhe1 Rg8 19. Bxe6+ fxe6 20. Rg1 Rb5 21. Rde1 Rb6 22. Re4 Rc6 23. g3 h5 24. Kc2 e5 25. Kd2 Rd8+ 26. Ke2 b6 27. Rf1 Re6 28. c4 Rd4 29. Kf3 Rd3+ 30. Ke2 Rd4 31. f3 Rc6 32. b3 Bg5 33. Rxe5 1-0

[Event "Blankenese op 2nd"]
[Site "Hamburg"]
[Date "2018.09.29"]
[Round "1.25"]
[White "Anderberg, Peter"]
[Black "Bosse, Christian"]
[Result "1-0"]
[WhiteElo "1983"]
[BlackElo "1520"]
[PlyCount "39"]
[EventDate "2018.09.29"]
[EventType "swiss"]
[EventRounds "7"]
[EventCountry "GER"]
[SourceTitle "EXT 2020"]
[Source "ChessBase"]
[SourceDate "2019.10.17"]
[SourceVersion "1"]
[SourceVersionDate "2019.10.17"]
[SourceQuality "1"]

1. d4 Nf6 2. c4 e6 3. Nc3 Bb4 4. Qc2 0-0 5. a3 Be7 6. e4 d6 7. Nf3 Nbd7 8. e5 Ne8 9. Bd3 g6 10. Bh6 Ng7 11. h4 dxe5 12. dxe5 Nc5 13. 0-0-0 Nxd3+ 14. Rxd3 Qe8 15. Ne4 Qc6 16. Nf6+ Kh8 17. h5 Nf5 18. Bxf8 Bxf8 19. hxg6 h6 20. g4 1-0

[Event "Harburg-chG 12th"]
[Site "Hamburg"]
[Date "2017.08.06"]
[Round "4"]
[White "Herzog, Mike"]
[Black "Bosse, Christian"]
[Result "1-0"]
[WhiteElo "1296"]
[BlackElo "1548"]
[PlyCount "85"]
[EventDate "2017.08.06"]
[EventType "tourn"]
[EventRounds "5"]
[EventCountry "GER"]
[SourceTitle "CBM 180 Extra"]
[Source "ChessBase"]
[SourceDate "2017.10.06"]
[SourceVersion "1"]
[SourceVersionDate "2017.10.06"]
[SourceQuality "1"]

1. d4 Nf6 2. Bf4 e6 3. c4 b6 4. e3 Bb7 5. Nf3 Bb4+ 6. Nc3 0-0 7. a3 Bxc3+ 8. bxc3 d6 9. Be2 h6 10. h3 Nbd7 11. 0-0 Ne4 12. Qc2 c5 13. Bd3 f5 14. Nd2 Ndf6 15. Rab1 Qe7 16. Bh2 Rac8 17. a4 Ba8 18. Nb3 a5 19. f3 Ng5 20. Nd2 Nd7 21. e4 cxd4 22. exf5 dxc3 23. Qxc3 e5 24. Qb3 Nc5 25. Qa3 Qd8 26. Rbd1 Bc6 27. Bc2 Bd7 28. f4 Nf7 29. f6 g5 30. fxg5 Nxg5 31. Qg3 Rxf6 32. Rxf6 Qxf6 33. Rf1 Qg7 34. h4 Nge6 35. Qe3 Bxa4 36. Bf5 Bd7 37. Ne4 Nxe4 38. Qxe4 Nc5 39. Qd5+ Kh8 40. Bxd7 Qxd7 41. Rf6 Qg7 42. Rxd6 Rg8 43. Bxe5 1-0

[Event "Harburg-chG 12th"]
[Site "Hamburg"]
[Date "2017.08.05"]
[Round "3"]
[White "Bosse, Christian"]
[Black "Eichelbaum, Georg"]
[Result "1/2-1/2"]
[WhiteElo "1548"]
[BlackElo "1353"]
[PlyCount "73"]
[EventDate "2017.08.06"]
[EventType "tourn"]
[EventRounds "5"]
[EventCountry "GER"]
[SourceTitle "CBM 180 Extra"]
[Source "ChessBase"]
[SourceDate "2017.10.06"]
[SourceVersion "1"]
[SourceVersionDate "2017.10.06"]
[SourceQuality "1"]

1. c4 e5 2. g3 Nf6 3. Bg2 c5 4. Nc3 Nc6 5. d3 Be7 6. e4 0-0 7. Nge2 d6 8. 0-0 Be6 9. a3 Qd7 10. f4 Bg4 11. Qc2 Nh5 12. Bf3 exf4 13. Bxf4 Nxf4 14. Bxg4 Nh3+ 15. Bxh3 Qxh3 16. Nf4 Qg4 17. Ng2 Nd4 18. Qd1 Qg6 19. Ne2 Ne6 20. Nef4 Qg5 21. Nxe6 fxe6 22. Qa4 Bf6 23. Rab1 Bd4+ 24. Kh1 Qe7 25. b4 Rxf1+ 26. Rxf1 Rf8 27. Nf4 g5 28. Qc2 gxf4 29. gxf4 Qg7 30. Qd1 Kf7 31. f5 Ke7 32. bxc5 Bxc5 33. Qb1 b6 34. Qd1 Rg8 35. f6+ Qxf6 36. Rxf6 Kxf6 37. Qf3+ 1/2-1/2